|
|
|
|
| LEADER |
01477cam a2200337 a 4500 |
| 001 |
c000396557 |
| 003 |
CARM |
| 005 |
20140311122849.0 |
| 008 |
140311r19871868alua 000 0 eng d |
| 019 |
1 |
|
|a 10098887
|5 LACONCORD2021
|
| 035 |
|
|
|a (OCoLC)152377856
|5 LACONCORD2021
|
| 040 |
|
|
|a SQEH
|b eng
|c SQEH
|d VSJ
|
| 082 |
0 |
4 |
|a 616.91
|2 20
|
| 100 |
1 |
|
|a Rāzī, Abū Bakr Muḥammad ibn Zakarīyā,
|d 865?-925?.
|
| 245 |
1 |
2 |
|a A treatise on the small-pox and measles /
|c by Abú Becr Mohammed ibn Zacaríyá ar-Rází (commonly called Rhazes) ; translated from the original Arabic by William Alexander Greenhill.
|
| 246 |
3 |
3 |
|a Rhazes on the small-pox and measles
|
| 250 |
|
|
|a Special ed.
|
| 260 |
|
|
|a Birmingham, Ala. :
|b Classics of Medicine Library,
|c 1987.
|
| 300 |
|
|
|a vii, 212 p. ;
|c 23 cm. +
|e 1 booklet.
|
| 500 |
|
|
|a Reprint. Originally published : London : The Sydenham Society, 1868.
|
| 500 |
|
|
|a Includes separate pamphlet with title : Notes from the editor.
|
| 650 |
|
0 |
|a Measles.
|
| 650 |
|
0 |
|a Smallpox.
|
| 700 |
1 |
|
|a Greenhill, William Alexander,
|d 1814-1894.
|
| 710 |
2 |
|
|a Sydenham Society
|
| 710 |
2 |
|
|a Classics of Medicine Library.
|
| 852 |
8 |
|
|b CARM
|p 0601344
|f BK
|
| 852 |
8 |
|
|b SCAN
|h A3:AE35B0
|i B12263
|p 0601344
|f BK
|
| 999 |
f |
f |
|i e84e8967-6cfc-5e05-b82b-eebe40f92ccf
|s 3a87894e-a49f-55fa-98ea-00185c25708f
|
| 952 |
f |
f |
|p Can circulate
|a CAVAL
|b CAVAL
|c CAVAL
|d CARM 1 Store
|i book
|m 0601344
|
| 952 |
f |
f |
|a CAVAL
|b CAVAL
|c CAVAL
|d Unmapped Location
|e B12263
|f A3:AE35B0
|h Other scheme
|